A history of Sufi-ism in Bengal / (Record no. 17526)
[ view plain ]
| 000 -LEADER | |
|---|---|
| fixed length control field | 01008cam a2200301 i 4500 |
| 001 - CONTROL NUMBER | |
| control field | 4596135 |
| 003 - CONTROL NUMBER IDENTIFIER | |
| control field | ASL |
| 005 - DATE AND TIME OF LATEST TRANSACTION | |
| control field | 20231015025547.0 |
| 008 - FIXED-LENGTH DATA ELEMENTS--GENERAL INFORMATION | |
| fixed length control field | 161215s1975 bg d b 001 0 eng | |
| 010 ## - LIBRARY OF CONGRESS CONTROL NUMBER | |
| LC control number | 75906762 |
| 020 ## - INTERNATIONAL STANDARD BOOK NUMBER | |
| Terms of availability | Tk85.00 |
| 040 ## - CATALOGING SOURCE | |
| Original cataloging agency | DLC |
| Transcribing agency | ASL |
| Modifying agency | ASL |
| 043 ## - GEOGRAPHIC AREA CODE | |
| Geographic area code | a-ii--- |
| 050 00 - LIBRARY OF CONGRESS CALL NUMBER | |
| Classification number | BP188.8.B43 |
| Item number | H36 |
| 082 00 - DEWEY DECIMAL CLASSIFICATION NUMBER | |
| Classification number | 297.4 |
| Item number | HAH |
| 100 1# - MAIN ENTRY--PERSONAL NAME | |
| Personal name | Haq, Muhammad Enamul, |
| Dates associated with a name | 1906-1982. |
| 9 (RLIN) | 91 |
| 245 12 - TITLE STATEMENT | |
| Title | A history of Sufi-ism in Bengal / |
| Statement of responsibility, etc. | Muhammad Enamul Haq. |
| 260 ## - PUBLICATION, DISTRIBUTION, ETC. | |
| Place of publication, distribution, etc. | Dacca : |
| Name of publisher, distributor, etc. | Asiatic Society of Bangladesh, |
| Date of publication, distribution, etc. | 1975. |
| 300 ## - PHYSICAL DESCRIPTION | |
| Extent | xviii, 455 p. ; |
| Dimensions | 24 cm. |
| 440 #0 - SERIES STATEMENT/ADDED ENTRY--TITLE | |
| Title | Asiatic Society of Bangladesh publication; |
| Volume/sequential designation | no. 33 |
| 9 (RLIN) | 130 |
| 500 ## - GENERAL NOTE | |
| General note | "The main corpus of this book forms ... [the author's] thesis for the degree of Ph.D. of the University of Calcutta." |
| 500 ## - GENERAL NOTE | |
| General note | Includes index. |
| 504 ## - BIBLIOGRAPHY, ETC. NOTE | |
| Bibliography, etc. note | Bibliography: p. [423]-427. |
| 650 #0 - SUBJECT ADDED ENTRY--TOPICAL TERM | |
| Topical term or geographic name entry element | Sufism |
| General subdivision | Bengal. |
| Geographic subdivision | Bangladesh |
| 9 (RLIN) | 131 |
| 651 ## - SUBJECT ADDED ENTRY--GEOGRAPHIC NAME | |
| Geographic subdivision | India |
| 9 (RLIN) | 132 |
| 906 ## - LOCAL DATA ELEMENT F, LDF (RLIN) | |
| a | 7 |
| b | cbc |
| c | orignew |
| d | 4 |
| e | ncip |
| f | 19 |
| g | y-gencatlg |
| 942 ## - ADDED ENTRY ELEMENTS (KOHA) | |
| Source of classification or shelving scheme | Dewey Decimal Classification |
| Koha item type | Books |
| Withdrawn status | Lost status | Source of classification or shelving scheme | Damaged status | Not for loan | Collection code | Home library | Current library | Shelving location | Date acquired | Source of acquisition | Serial Enumeration / chronology | Total Checkouts | Full call number | Barcode | Date last seen | Copy number | Price effective from | Koha item type | Public note |
|---|---|---|---|---|---|---|---|---|---|---|---|---|---|---|---|---|---|---|---|
| Dewey Decimal Classification | Not For Loan | Non-fiction | Asiatic Society Library | Asiatic Society Library | General Stacks | 12/15/2016 | ASB Publications | ASP-033 | 297.4 HAH | 100166 | 12/15/2016 | C-1 | 12/15/2016 | Books | RARE | ||||
| Dewey Decimal Classification | Not For Loan | Non-fiction | Asiatic Society Library | Asiatic Society Library | General Stacks | 12/15/2016 | ASB Publications | ASP-033 | 297.4 HAH | 100167 | 12/15/2016 | C-2 | 12/15/2016 | Books | RARE | ||||
| Dewey Decimal Classification | Not For Loan | Non-fiction | Asiatic Society Library | Asiatic Society Library | General Stacks | 12/15/2016 | ASB Publications | ASP-033 | 297.4 HAH | 100168 | 12/15/2016 | C-3 | 12/15/2016 | Books | RARE | ||||
| Dewey Decimal Classification | Not For Loan | Non-fiction | Asiatic Society Library | Asiatic Society Library | General Stacks | 12/15/2016 | ASB Publications | ASP-033 | 297.4 HAH | 100169 | 12/15/2016 | C-4 | 12/15/2016 | Books | RARE | ||||
| Dewey Decimal Classification | Not For Loan | Non-fiction | Asiatic Society Library | Asiatic Society Library | General Stacks | 12/15/2016 | ASB Publications | ASP-033 | 297.4 HAH | 100170 | 12/15/2016 | C-5 | 12/15/2016 | Books | RARE | ||||
| Dewey Decimal Classification | Not For Loan | Non-fiction | Asiatic Society Library | Asiatic Society Library | General Stacks | 01/20/2021 | ASB Publications | ASP-033 | 297.4 HAH | 104597 | 01/20/2021 | C-6 | 01/20/2021 | Books | RARE | ||||
| Dewey Decimal Classification | Non-fiction | Asiatic Society Library | Asiatic Society Library | General Stacks | 02/06/2021 | ASB Publications | ASP-033 | 297.4 HAH | 105291 | 02/06/2021 | C-7 | 02/06/2021 | Books | RARE | |||||
| Dewey Decimal Classification | Non-fiction | Asiatic Society Library | Asiatic Society Library | General Stacks | 02/06/2021 | ASB Publications | ASP-033 | 297.4 HAH | 105293 | 02/06/2021 | C-8 | 02/06/2021 | Books | RARE | |||||
| Dewey Decimal Classification | Non-fiction | Asiatic Society Library | Asiatic Society Library | General Stacks | 02/06/2021 | ASB Publications | ASP-033 | 297.4 HAH | 105294 | 02/06/2021 | C-9 | 02/06/2021 | Books | RARE | |||||
| Dewey Decimal Classification | Non-fiction | Asiatic Society Library | Asiatic Society Library | General Stacks | 02/06/2021 | ASB Publications | ASP-033 | 297.4 HAH | 105295 | 02/06/2021 | C-10 | 02/06/2021 | Books | RARE | |||||
| Dewey Decimal Classification | Non-fiction | Asiatic Society Library | Asiatic Society Library | General Stacks | 02/06/2021 | ASB Publications | ASP-033 | 297.4 HAH | 105296 | 02/06/2021 | C-11 | 02/06/2021 | Books | RARE |